Canzoni di Tony Effe - Statistics

Statistiche generali
  • Questo quiz è stato fatto 37 volte
    23 dall'ultimo reset
  • Il punteggio medio è 23 su 40
Statistiche sulle risposte
Album Anno Feat Risposta % Corretto
- 2024 Gaia SESSO E SAMBA
95%
ICON 2024 - P
85%
- 2024 Kid Yugi PEZZI DA 100
80%
ICON 2024 Sfera Ebbasta, Geolier PILLOLE
80%
ICON 2024 Simba La Rue CARRARA
75%
ICON 2024 Bresh, Tedua DOPO LE 4
75%
ICON 2024 Lazza, Capo Plaza HONEY
75%
ICON 2024 - ICON
75%
- 2025 Tommy Cash Espresso Macchiato - Remix
70%
ICON 2024 Emma TAXI SULLA LUNA
70%
Untouchable 2021 Sfera Ebbasta Mi Piace
65%
Untouchable 2021 Capo PLaza Balaclava
60%
- 2019 - Bassotto
60%
Untouchable 2021 - Effe
60%
Untouchable 2021 Lazza, Gazo Ke Lo Ke
60%
ICON 2024 Side Baby, Pyrex LAP DANCE
60%
Untouchable 2021 - Colpevole
55%
Untouchable 2021 Geolier Colpevole RMX
55%
ICON 2024 Guè DEMON TIME
55%
ICON 2024 Ghali GTA
55%
Untouchable 2021 Side Baby Luce a Roma
55%
Untouchable 2021 Pyrex Romolo e Remo
55%
Untouchable 2021 Gucci Mane Tony Montana
55%
ICON 2024 - VERO TONY VERO SOSA
55%
- 2024 - CHIARA
50%
- 2025 - DAMME 'NA MANO
50%
Untouchable 2021 Guè Escort Lover
50%
ICON 2024 - MIU MIU
50%
ICON 2024 - PARTICOLARI SPORCHI
50%
ICON 2024 - SORRY
50%
ICON 2024 Rose Villain BALENCIAGA
45%
ICON 2024 - BOSS
45%
Untouchable 2021 Wayne Skyline
45%
- 2024 LAX, FT KINGS 64 BARRE DI VERITA
40%
Untouchable 2021 - DIverso
40%
Untouchable 2021 - E Trap
40%
Untouchable 2021 Tedua Lacrime
40%
Untouchable 2021 - Piazza
40%
ICON 2024 - MAISON
35%
Untouchable 2021 - Oh Cazzo
30%
Nessun quiz corrispondente trovato
Distribuzione punteggi
Percentuale di utenti per punteggio
Percentile per numero di risposta
I tuoi punteggi nel tempo
Non hai fatto questo quiz dall'ultimo reset